00472nam a2200193Ia 4500003000900000008004100009040001300050040001300063041000800076100002900084245005400113250001200167260001500179260001000194300001100204300001000215490004700225490000600272IT-RoPAU120407s9999 xx 000 0 und d aIT-RoPAU cIT-RoPAU aita aJean-Marie Roger Tillard aChiesa di Chiese. L’ecclesiologia di comunione. aBrescia aQueriniana c1989. a388 p. c24 cm a(Biblioteca di teologia conteporanea, 59). v1